000 00946cam a2200313 4500
008 090401t1997 xxu||||| |||| 00| 0 eng d
020 _a1900858118
035 _a(Sirsi) u78287
041 _aeng
050 _a690.24
110 _aBuilding Maintenance Information
_93229
245 _aMaintenance cost study.
260 _aKingston upon Thames
_bBMI
_c1997
300 _a31p. ; 30cm.
350 _a0
490 _aSerial
_v257
490 _aBMI Special Report
520 _aThis item is part of a subscription service and cannot be photocopied. Neither can any part of it be read out over the phone. Please contact BMI direct on 0171-222-7000 for details.
650 _aHEALTH CENTRES
650 _aLIBRARIES
650 _aMAINTENANCE COST STUDY
650 _aMAINTENANCE COSTS
650 _aMUSEUMS
650 _aOFFICES
650 _aUNIVERSITIES
690 _aBUILT ENVIRONMENT
942 _n0
948 _c12/05/1997
999 _c96419
_d96419